[Event "ITA-chT GpB 55th"]
[Site "Vasto"]
[Date "2024.04.09"]
[Round "3.14"]
[White "Loiacono, Leonardo"]
[Black "David, Alberto"]
[Result "1/2-1/2"]
[WhiteElo "2309"]
[BlackElo "2512"]
[PlyCount "89"]
[EventDate "2024.04.08"]
[EventType "team-tourn"]
[EventRounds "7"]
[EventCountry "ITA"]
[SourceTitle "CB16_2024"]
[SourceDate "2024.04.17"]
[SourceVersion "1"]
[SourceVersionDate "2024.04.17"]
[SourceQuality "1"]
[WhiteTeam "Le Due Torri"]
[BlackTeam "Partenopea"]
[WhiteTeamCountry "ITA"]
[BlackTeamCountry "ITA"]

1. e4 c5 2. Nf3 e6 3. d4 cxd4 4. Nxd4 Nc6 5. Nb5 d6 6. c4 a6 7. N5c3 Nf6 8. Be2 b6 9. 0-0 Bb7 10. Be3 Ne5 11. f4 Ned7 12. Bf3 Be7 13. Nd2 0-0 14. Qe2 Qb8 15. a4 h6 16. Rfc1 a5 17. Nb3 Nc5 18. Nxc5 bxc5 19. Qc2 Ra6 20. Re1 Bc6 21. Rad1 Qb7 22. Bf2 Rd8 23. Nb5 Rd7 24. Bg3 Rd8 25. Rd2 Rd7 26. e5 dxe5 27. Rxd7 Nxd7 28. Bxc6 Qxc6 29. fxe5 Ra8 30. Rd1 Rd8 31. Qc3 Nf8 32. Rxd8 Bxd8 33. Qd3 Be7 34. Be1 Ng6 35. Qe2 Bd8 36. g3 Bc7 37. Bc3 Bb8 38. h4 Ne7 39. Qd3 Nf5 40. h5 Bc7 41. Kf2 Bb6 42. Qf3 Qxf3+ 43. Kxf3 Ne7 44. Nd6 Nc6 45. Ne4 1/2-1/2

[Event "ITA-chT GpB 55th"]
[Site "Vasto"]
[Date "2024.04.08"]
[Round "1.10"]
[White "Dardha, Daniel"]
[Black "David, Alberto"]
[Result "1-0"]
[WhiteElo "2630"]
[BlackElo "2512"]
[PlyCount "73"]
[EventDate "2024.04.08"]
[EventType "team-tourn"]
[EventRounds "7"]
[EventCountry "ITA"]
[SourceTitle "CB16_2024"]
[SourceDate "2024.04.17"]
[SourceVersion "1"]
[SourceVersionDate "2024.04.17"]
[SourceQuality "1"]
[WhiteTeam "WorldtradingLab"]
[BlackTeam "Partenopea"]
[WhiteTeamCountry "ITA"]
[BlackTeamCountry "ITA"]

1. d4 Nf6 2. c4 e6 3. g3 d5 4. Bg2 Bb4+ 5. Bd2 Be7 6. Nf3 c6 7. Qc2 0-0 8. 0-0 Nbd7 9. a4 a5 10. Rc1 Ne4 11. Ne1 f5 12. Nd3 Bd6 13. Bf4 Bxf4 14. Nxf4 Ndf6 15. Nd3 Ng4 16. h3 Nh6 17. Nd2 Nf7 18. Nf3 Ned6 19. c5 Ne4 20. e3 Neg5 21. Nxg5 Qxg5 22. b4 axb4 23. Rcb1 Qf6 24. f4 g5 25. Rxb4 Kh8 26. a5 Rg8 27. Qf2 Qg7 28. Kh2 Ra7 29. Rb6 Bd7 30. a6 bxa6 31. Raxa6 Rxa6 32. Rxa6 h6 33. Nb4 gxf4 34. exf4 Rc8 35. Ra7 Be8 36. Qe3 Qf6 37. Na6 1-0

[Event "Mitropa Cup"]
[Site "Apolda"]
[Date "2024.02.21"]
[Round "7.11"]
[White "David, Alberto"]
[Black "Bochnicka, Vladimir1"]
[Result "1/2-1/2"]
[WhiteElo "2506"]
[BlackElo "2405"]
[PlyCount "135"]
[EventDate "2024.02.15"]
[EventType "team-tourn"]
[EventRounds "9"]
[EventCountry "GER"]
[SourceTitle "CB09_2024"]
[SourceDate "2024.02.28"]
[SourceVersion "1"]
[SourceVersionDate "2024.02.28"]
[SourceQuality "1"]
[WhiteTeam "Italy"]
[BlackTeam "Slovakia"]
[WhiteTeamCountry "ITA"]
[BlackTeamCountry "SVK"]

1. Nf3 d5 2. d4 Nf6 3. c4 e6 4. Nc3 c5 5. cxd5 cxd4 6. Qa4+ Bd7 7. Qxd4 exd5 8. Bg5 Be7 9. e3 0-0 10. Be2 Nc6 11. Qd3 Be6 12. 0-0 h6 13. Bh4 Qb6 14. a3 Rfd8 15. Rfd1 a6 16. b4 Rac8 17. h3 Qa7 18. Rab1 b5 19. Rbc1 Ne8 20. Bxe7 Qxe7 21. Qb1 Qf6 22. a4 Bf5 23. Qb3 bxa4 24. Qxa4 d4 25. exd4 Nxd4 26. Nxd4 Rxd4 27. Rxd4 Qxd4 28. Bxa6 Rxc3 29. Qxe8+ Kh7 30. Rxc3 Qxc3 31. Bf1 Qxb4 32. Qxf7 Qb1 33. Qc4 Qe1 34. Qd4 Qe4 35. Qd2 Qc2 36. Qd6 Qb1 37. h4 h5 38. Qc5 Qc2 39. Qa5 Qb1 40. Qd8 Bg6 41. Qg5 Bf7 42. Qf4 Bg6 43. Qd6 Qe4 44. Qd8 Qb1 45. f3 Qe1 46. Qd4 Bf5 47. Qc4 Bg6 48. Kh2 Qe5+ 49. g3 Qe3 50. Qd5 Qf2+ 51. Bg2 Qe1 52. Qg5 Qe6 53. Qd2 Qf5 54. Qg5 Qe6 55. Qd2 Qf5 56. f4 Qc2 57. Qxc2 Bxc2 58. Kg1 g6 59. Kf2 Kg7 60. Ke3 Kf6 61. Kd4 Bd1 62. Kd5 Kf5 63. Be4+ Kg4 64. Bxg6 Kxg3 65. Ke5 Kxh4 66. f5 Bc2 67. Bxh5 Bxf5 68. Kxf5 1/2-1/2

[Event "Mitropa Cup"]
[Site "Apolda"]
[Date "2024.02.17"]
[Round "3.19"]
[White "Gnojek, Petr"]
[Black "David, Alberto"]
[Result "0-1"]
[WhiteElo "2431"]
[BlackElo "2506"]
[PlyCount "76"]
[EventDate "2024.02.15"]
[EventType "team-tourn"]
[EventRounds "9"]
[EventCountry "GER"]
[SourceTitle "CB09_2024"]
[SourceDate "2024.02.28"]
[SourceVersion "1"]
[SourceVersionDate "2024.02.28"]
[SourceQuality "1"]
[WhiteTeam "Czech Republic"]
[BlackTeam "Italy"]
[WhiteTeamCountry "CZE"]
[BlackTeamCountry "ITA"]

1. d4 Nf6 2. c4 e6 3. Nf3 b6 4. a3 Bb7 5. Nc3 d5 6. cxd5 Nxd5 7. Qc2 Nxc3 8. bxc3 Be7 9. e4 0-0 10. Bd3 c5 11. 0-0 Qc7 12. Qe2 Nd7 13. a4 Rac8 14. Rd1 Rfe8 15. e5 Nf8 16. Be3 Ng6 17. Ng5 Bxg5 18. Bxg5 cxd4 19. cxd4 Qc3 20. Qg4 Bd5 21. h4 h5 22. Qxh5 Qxd4 23. Bb5 Qe4 24. f3 Qf5 25. Bxe8 Rxe8 26. Qg4 Qxg4 27. fxg4 Nxe5 28. Rac1 a6 29. Rc7 b5 30. axb5 axb5 31. Rb1 Ra8 32. Rxb5 Ra2 33. h5 Rxg2+ 34. Kf1 Ra2 35. Rb8+ Kh7 36. Rcc8 Bg2+ 37. Ke1 Nd3+ 38. Kd1 Bf3# 0-1

[Event "Vandoeuvre op 20th"]
[Site "Vandoeuvre les Nancy"]
[Date "2024.01.06"]
[Round "8"]
[White "Decuigniere, Tom"]
[Black "David, Alberto"]
[Result "1-0"]
[WhiteElo "2401"]
[BlackElo "2525"]
[PlyCount "75"]
[EventDate "2024.01.03"]
[EventType "swiss"]
[EventRounds "9"]
[EventCountry "FRA"]
[SourceTitle "CB02_2024"]
[SourceDate "2024.01.10"]
[SourceVersion "1"]
[SourceVersionDate "2024.01.10"]
[SourceQuality "1"]

1. d4 Nf6 2. c4 e6 3. Nf3 b6 4. a3 Bb7 5. Nc3 d5 6. Qa4+ c6 7. cxd5 exd5 8. Bg5 Be7 9. e3 0-0 10. Bd3 h6 11. Bf4 Nbd7 12. 0-0 c5 13. Rad1 a6 14. dxc5 Nxc5 15. Qc2 Nxd3 16. Rxd3 b5 17. Be5 Qc8 18. Bxf6 Bxf6 19. Rfd1 d4 20. Nxd4 Re8 21. Qe2 Re5 22. e4 Qc4 23. f4 Ree8 24. e5 Be7 25. Qg4 Bf8 26. Nf5 Re6 27. Nd5 Kh8 28. Nfe3 Qa4 29. b4 Rc8 30. f5 Rec6 31. e6 fxe6 32. fxe6 Rc4 33. Nxc4 bxc4 34. Nb6 Qc6 35. Nxc8 cxd3 36. e7 Bxe7 37. Nxe7 Qb6+ 38. Kh1 1-0

[Event "Vandoeuvre op 20th"]
[Site "Vandoeuvre les Nancy"]
[Date "2024.01.05"]
[Round "5"]
[White "David, Alberto"]
[Black "Ermitsch, Magnus"]
[Result "0-1"]
[WhiteElo "2525"]
[BlackElo "2278"]
[PlyCount "66"]
[EventDate "2024.01.03"]
[EventType "swiss"]
[EventRounds "9"]
[EventCountry "FRA"]
[SourceTitle "CB02_2024"]
[SourceDate "2024.01.10"]
[SourceVersion "1"]
[SourceVersionDate "2024.01.10"]
[SourceQuality "1"]

1. e4 c5 2. Nf3 e6 3. b3 b6 4. Bb2 Bb7 5. Nc3 Nc6 6. Qe2 a6 7. 0-0-0 b5 8. d4 cxd4 9. Nxd4 Nxd4 10. Rxd4 Rc8 11. h4 Qa5 12. Rh3 Nf6 13. Kb1 b4 14. Na4 e5 15. Rd5 Bxd5 16. exd5 Bd6 17. f4 0-0 18. fxe5 Rfe8 19. Rg3 Nxd5 20. Qg4 Bf8 21. Bc4 Nb6 22. e6 Rxc4 23. exf7+ Kxf7 24. Rf3+ Ke7 25. bxc4 Qxa4 26. c5 Kd8 27. cxb6 Qc6 28. Bd4 Kc8 29. Rf7 Bd6 30. Rxg7 Re4 31. Rg8+ Kb7 32. Qg7 Re1+ 33. Kb2 Qa4 0-1

[Event "ITA-ch 82nd"]
[Site "Brescia"]
[Date "2023.12.04"]
[Round "6"]
[White "David, Alberto"]
[Black "Dvirnyy, Danyyil"]
[Result "1/2-1/2"]
[WhiteElo "2529"]
[BlackElo "2495"]
[PlyCount "27"]
[EventDate "2023.11.28"]
[EventType "tourn"]
[EventRounds "11"]
[EventCountry "ITA"]
[EventCategory "9"]
[SourceTitle "CB50_2023"]
[SourceDate "2023.12.13"]
[SourceVersion "1"]
[SourceVersionDate "2023.12.13"]
[SourceQuality "1"]

1. d4 Nf6 2. c4 e6 3. Nc3 d5 4. cxd5 exd5 5. Bg5 Bb4 6. e3 h6 7. Bh4 g5 8. Bg3 Ne4 9. Qc2 h5 10. f3 Nxg3 11. hxg3 Qe7 12. Kf2 Be6 13. a3 Bd6 14. Nb5 1/2-1/2

[Event "ITA-ch 82nd"]
[Site "Brescia"]
[Date "2023.11.28"]
[Round "1"]
[White "David, Alberto"]
[Black "Sonis, Francesco"]
[Result "1/2-1/2"]
[WhiteElo "2529"]
[BlackElo "2577"]
[PlyCount "34"]
[EventDate "2023.11.28"]
[EventType "tourn"]
[EventRounds "11"]
[EventCountry "ITA"]
[EventCategory "9"]
[SourceTitle "CB50_2023"]
[SourceDate "2023.12.13"]
[SourceVersion "1"]
[SourceVersionDate "2023.12.13"]
[SourceQuality "1"]

1. e4 c5 2. Nf3 d6 3. Bb5+ Nd7 4. Ba4 Ngf6 5. 0-0 e6 6. d3 a6 7. c4 Be7 8. Nc3 0-0 9. Qe2 b6 10. Ne1 Ne8 11. f4 Nc7 12. Bc6 Rb8 13. Nf3 b5 14. e5 Nb6 15. b3 d5 16. Kh1 Bd7 17. Bxd7 Qxd7 1/2-1/2

[Event "WchT Seniors 50"]
[Site "Struga"]
[Date "2023.09.27"]
[Round "8.1"]
[White "Hjartarson, Johann"]
[Black "David, Alberto"]
[Result "1/2-1/2"]
[WhiteElo "2432"]
[BlackElo "2523"]
[PlyCount "124"]
[EventDate "2023.09.19"]
[EventType "team-swiss"]
[EventRounds "9"]
[EventCountry "MKD"]
[SourceTitle "EXT 2024"]
[Source "ChessBase"]
[SourceDate "2023.10.10"]
[SourceVersion "1"]
[SourceVersionDate "2023.10.10"]
[SourceQuality "1"]
[WhiteTeam "Iceland 50"]
[BlackTeam "Italy 50"]
[WhiteTeamCountry "ISL"]
[BlackTeamCountry "ITA"]

1. c4 e5 2. g3 c6 3. Nf3 e4 4. Nd4 d5 5. cxd5 Qxd5 6. e3 Nf6 7. Nc3 Qe5 8. Bg2 Bc5 9. d3 exd3 10. Qxd3 0-0 11. 0-0 Nbd7 12. Nce2 Bb6 13. Qc2 Re8 14. b4 Nd5 15. Bb2 N7f6 16. a3 Qh5 17. e4 Ng4 18. h4 Nde3 19. fxe3 Nxe3 20. Qd3 Nxf1 21. Rxf1 Bg4 22. Kh2 Rad8 23. Qc4 Bc7 24. Nf4 Qh6 25. Nb3 Be6 26. Qc3 Bg4 27. Kg1 Be5 28. Qc2 Qd6 29. Bxe5 Qxe5 30. Nc5 Re7 31. Kh2 h6 32. Ncd3 Qd4 33. Nf2 h5 34. N2d3 a6 35. Rf2 Qe3 36. Qc5 Qxc5 37. bxc5 Rd4 38. Rc2 Red7 39. Rc3 Re7 40. Kg1 f6 41. Kf2 Kf7 42. Ke3 Rd8 43. Nb2 g5 44. Nfd3 Kg8 45. Nc4 Rg7 46. e5 fxe5 47. Ndxe5 gxh4 48. gxh4 Bd1 49. Kf2 Rf8+ 50. Bf3 Rg4 51. Nd6 Bxf3 52. Rxf3 Rxf3+ 53. Nxf3 Ra4 54. Nxb7 Rxa3 55. Nd4 a5 56. Ke2 a4 57. Kd2 Rh3 58. Kc2 a3 59. Nd6 a2 60. Kb2 Rc3 61. Kxa2 Rxc5 62. Kb3 Rd5 1/2-1/2

[Event "WchT Seniors 50"]
[Site "Struga"]
[Date "2023.09.19"]
[Round "1.1"]
[White "Lalic, Susan"]
[Black "David, Alberto"]
[Result "0-1"]
[WhiteElo "2251"]
[BlackElo "2523"]
[PlyCount "84"]
[EventDate "2023.09.19"]
[EventType "team-swiss"]
[EventRounds "9"]
[EventCountry "MKD"]
[SourceTitle "EXT 2024"]
[Source "ChessBase"]
[SourceDate "2023.10.10"]
[SourceVersion "1"]
[SourceVersionDate "2023.10.10"]
[SourceQuality "1"]
[WhiteTeam "England 50 (W)"]
[BlackTeam "Italy 50"]
[WhiteTeamCountry "ENG"]
[BlackTeamCountry "ITA"]

1. e4 c6 2. d4 d5 3. Nd2 dxe4 4. Nxe4 Nf6 5. Nxf6+ exf6 6. c3 Bd6 7. Bd3 0-0 8. Ne2 Re8 9. Qc2 h5 10. 0-0 h4 11. Bf4 Na6 12. Bxd6 Qxd6 13. Bxa6 bxa6 14. Rae1 Be6 15. h3 Rab8 16. b3 a5 17. Nc1 c5 18. Re4 Qd5 19. Rfe1 cxd4 20. Rxd4 Qg5 21. Qd2 Qxd2 22. Rxd2 a4 23. Rd4 axb3 24. axb3 g5 25. Ra4 Bxh3 26. Rxe8+ Rxe8 27. gxh3 Re1+ 28. Kg2 Rxc1 29. c4 Rc3 30. Rxa7 Rxb3 31. Rd7 Rc3 32. Rd4 Kg7 33. Kh2 f5 34. Kg2 Kf6 35. Rd6+ Ke5 36. Rd5+ Ke6 37. Rd4 f6 38. Kh2 f4 39. Kg2 f3+ 40. Kg1 Ke5 41. Rd5+ Ke4 42. Rd6 f5 0-1

[Event "Barcelona Sants op 24th"]
[Site "Barcelona"]
[Date "2023.08.26"]
[Round "9"]
[White "David, Alberto"]
[Black "Garriga Cazorla, Pere"]
[Result "1-0"]
[WhiteElo "2518"]
[BlackElo "2448"]
[PlyCount "121"]
[EventDate "2023.08.18"]
[EventType "swiss"]
[EventRounds "10"]
[EventCountry "ESP"]
[SourceTitle "CBM 215 Extra"]
[Source "ChessBase"]
[SourceDate "2023.09.30"]
[SourceVersion "1"]
[SourceVersionDate "2023.09.30"]
[SourceQuality "1"]

1. e4 c5 2. Nf3 Nc6 3. Bb5 g6 4. Bxc6 bxc6 5. 0-0 Bg7 6. Re1 Nh6 7. c3 0-0 8. d4 cxd4 9. cxd4 d5 10. e5 f6 11. exf6 exf6 12. Nbd2 Nf7 13. Nb3 Nd6 14. Nc5 Re8 15. Bd2 Bf5 16. Rxe8+ Qxe8 17. Qa4 Ne4 18. Re1 Qc8 19. Be3 g5 20. Nxe4 Bxe4 21. Nd2 Bg6 22. Rc1 Be8 23. Qc2 Rb8 24. Nb3 Rb7 25. Na5 Rb6 26. a3 Bf8 27. b4 Bd6 28. Qe2 Qe6 29. Re1 Bg6 30. f3 Kg7 31. Bf2 Qd7 32. Bg3 Bf8 33. Qe3 h6 34. h3 Kg8 35. Qc1 Kf7 36. Re3 Kg8 37. Rc3 Be8 38. Qe1 Bg6 39. Kh1 Kg7 40. Bh2 Be8 41. Qc1 Kg8 42. Re3 Bg6 43. Qe1 f5 44. Be5 f4 45. Re2 Bd3 46. Rd2 Bg6 47. Rd1 Bc2 48. Rc1 Bg6 49. Qc3 Be8 50. Qc2 Ra6 51. Qe2 Rb6 52. Bc7 Rb5 53. Nxc6 Rb7 54. Nd8 Rb5 55. Rc6 Rb7 56. b5 Rxc7 57. Rxc7 Qxc7 58. Qxe8 Qe7 59. Qxe7 Bxe7 60. Nc6 Bf6 61. a4 1-0

[Event "Barcelona Sants op 24th"]
[Site "Barcelona"]
[Date "2023.08.25"]
[Round "8"]
[White "Hernando Rodrigo, Julio Antonio"]
[Black "David, Alberto"]
[Result "0-1"]
[WhiteElo "2238"]
[BlackElo "2518"]
[PlyCount "66"]
[EventDate "2023.08.18"]
[EventType "swiss"]
[EventRounds "10"]
[EventCountry "ESP"]
[SourceTitle "CBM 215 Extra"]
[Source "ChessBase"]
[SourceDate "2023.09.30"]
[SourceVersion "1"]
[SourceVersionDate "2023.09.30"]
[SourceQuality "1"]

1. d4 Nf6 2. c4 e6 3. Nf3 d5 4. g3 Bb4+ 5. Bd2 a5 6. Bg2 0-0 7. 0-0 Be7 8. Qc2 c6 9. Bf4 Nbd7 10. Nbd2 Nh5 11. e4 Nxf4 12. gxf4 Nf6 13. f5 dxe4 14. Nxe4 Nxe4 15. Qxe4 exf5 16. Qc2 Bd6 17. Rfe1 Be6 18. Rad1 Rc8 19. b3 Qf6 20. Ne5 f4 21. Qe4 Rfe8 22. d5 cxd5 23. cxd5 Bf5 24. Ng4 Bxg4 25. Qxe8+ Rxe8 26. Rxe8+ Bf8 27. d6 Bd7 28. Rb8 f3 29. Bf1 Qg6+ 30. Kh1 Qc2 31. Ra1 Qxf2 32. Rd8 Bc6 33. d7 Qxf1+ 0-1

[Event "Barcelona Sants op 24th"]
[Site "Barcelona"]
[Date "2023.08.20"]
[Round "3"]
[White "David, Alberto"]
[Black "Van der Eijk, Martijn"]
[Result "1-0"]
[WhiteElo "2518"]
[BlackElo "2214"]
[PlyCount "79"]
[EventDate "2023.08.18"]
[EventType "swiss"]
[EventRounds "10"]
[EventCountry "ESP"]
[SourceTitle "CBM 215 Extra"]
[Source "ChessBase"]
[SourceDate "2023.09.30"]
[SourceVersion "1"]
[SourceVersionDate "2023.09.30"]
[SourceQuality "1"]

1. Nf3 d5 2. g3 c5 3. Bg2 Nc6 4. d4 e6 5. 0-0 Nf6 6. b3 cxd4 7. Nxd4 Bc5 8. Nxc6 bxc6 9. c4 Ng4 10. Bb2 Qg5 11. Bd4 Bxd4 12. Qxd4 0-0 13. Nc3 Ba6 14. Qc5 Rfc8 15. Rac1 Qe5 16. h3 Nf6 17. Rfd1 Nd7 18. Qa5 Bb7 19. cxd5 cxd5 20. e3 Bc6 21. Ne2 Qc7 22. Qxc7 Rxc7 23. e4 Nb6 24. exd5 exd5 25. Rc3 Re7 26. Nf4 Bb7 27. a4 g5 28. Nh5 Rc8 29. Rxc8+ Nxc8 30. Bxd5 Nd6 31. Bg2 Ne8 32. Rd8 Kf8 33. Nf6 Bxg2 34. Kxg2 h6 35. b4 Re6 36. Rxe8+ Rxe8 37. Nxe8 Kxe8 38. Kf3 Kd7 39. Ke4 Kd6 40. g4 1-0

[Event "Spilimbergo op 21st"]
[Site "Spilimbergo"]
[Date "2023.08.12"]
[Round "5"]
[White "David, Alberto"]
[Black "Arpan, Das Jr"]
[Result "1/2-1/2"]
[WhiteElo "2518"]
[BlackElo "2382"]
[PlyCount "64"]
[EventDate "2023.08.09"]
[EventType "swiss"]
[EventRounds "9"]
[EventCountry "ITA"]
[SourceTitle "CBM 215 Extra"]
[Source "ChessBase"]
[SourceDate "2023.09.30"]
[SourceVersion "1"]
[SourceVersionDate "2023.09.30"]
[SourceQuality "1"]

1. e4 c6 2. Nf3 d5 3. d3 dxe4 4. dxe4 Qxd1+ 5. Kxd1 Nf6 6. Nfd2 g6 7. f3 Bh6 8. c3 0-0 9. Nc4 Bxc1 10. Kxc1 Be6 11. Nbd2 c5 12. a4 Nc6 13. Kc2 Rfd8 14. Be2 Nd7 15. Ne3 Rac8 16. Bc4 Nde5 17. Bxe6 fxe6 18. Ndc4 Rd7 19. Rad1 Rcd8 20. Rxd7 Rxd7 21. Nxe5 Nxe5 22. f4 Nc6 23. Rf1 Kf7 24. h4 Rd8 25. Rf3 Rf8 26. Kd3 Na5 27. f5 Rd8+ 28. Kc2 exf5 29. exf5 Kg7 30. Rg3 Kf7 31. Rg5 b6 32. h5 Kf6 1/2-1/2

[Event "Spilimbergo op 21st"]
[Site "Spilimbergo"]
[Date "2023.08.11"]
[Round "4"]
[White "Moehn, Hans"]
[Black "David, Alberto"]
[Result "1/2-1/2"]
[WhiteElo "2382"]
[BlackElo "2518"]
[PlyCount "29"]
[EventDate "2023.08.09"]
[EventType "swiss"]
[EventRounds "9"]
[EventCountry "ITA"]
[SourceTitle "CBM 215 Extra"]
[Source "ChessBase"]
[SourceDate "2023.09.30"]
[SourceVersion "1"]
[SourceVersionDate "2023.09.30"]
[SourceQuality "1"]

1. Nf3 d5 2. g3 Nd7 3. c4 dxc4 4. Qc2 e5 5. Qxc4 Bd6 6. Bg2 Ngf6 7. 0-0 0-0 8. d3 c6 9. Qc2 h6 10. Nbd2 Re8 11. b3 Nf8 12. Bb2 Ng6 13. a3 a5 14. Rfd1 Bc7 15. e4 1/2-1/2

[Event "Spilimbergo op 21st"]
[Site "Spilimbergo"]
[Date "2023.08.09"]
[Round "1"]
[White "David, Alberto"]
[Black "Andreev, Konstantin1111"]
[Result "1-0"]
[WhiteElo "2518"]
[BlackElo "2151"]
[PlyCount "137"]
[EventDate "2023.08.09"]
[EventType "swiss"]
[EventRounds "9"]
[EventCountry "ITA"]
[SourceTitle "CBM 215 Extra"]
[Source "ChessBase"]
[SourceDate "2023.09.30"]
[SourceVersion "1"]
[SourceVersionDate "2023.09.30"]
[SourceQuality "1"]

1. d4 Nf6 2. c4 e6 3. Nc3 Bb4 4. e3 0-0 5. Nge2 b6 6. a3 Bxc3+ 7. Nxc3 Bb7 8. Bd3 c5 9. d5 b5 10. 0-0 exd5 11. cxd5 b4 12. axb4 cxb4 13. Qb3 a5 14. e4 Ba6 15. Na4 Bxd3 16. Qxd3 d6 17. Bf4 Nh5 18. Be3 Nd7 19. Qe2 Nhf6 20. f3 Qe7 21. Rac1 Rfc8 22. Rxc8+ Rxc8 23. Qa6 Re8 24. Qxa5 Nh5 25. Qxb4 f5 26. Nc3 Rb8 27. Nb5 fxe4 28. fxe4 Nhf6 29. Ba7 Rb7 30. Qc4 Nb6 31. Qc6 Rxa7 32. Qxb6 Rb7 33. Qxd6 Qxe4 34. Qd8+ Qe8 35. Qxe8+ Nxe8 36. d6 Nf6 37. Rf5 Kf7 38. Re5 Ng4 39. Rg5 Nf6 40. Re5 Ng4 41. Rc5 Ke6 42. b4 Nf6 43. h3 Nd7 44. Rh5 g6 45. Rg5 Kf6 46. Rd5 h6 47. Kf1 Kf7 48. Ke1 Kf6 49. Kd2 Nb6 50. Rd4 Nd7 51. Nc7 Ke5 52. Ke3 Rb6 53. Rd5+ Kf6 54. b5 h5 55. g4 hxg4 56. hxg4 Kf7 57. g5 Rb8 58. Rd1 Rh8 59. Rf1+ Kg8 60. Ke4 Rh2 61. Kd5 Rc2 62. Re1 Rc5+ 63. Ke6 Nf8+ 64. Ke7 Rf5 65. b6 Rf7+ 66. Ke8 Nd7 67. Re7 Rxe7+ 68. dxe7 Nxb6 69. Kd8 1-0

[Event "La Plagne Soleil op"]
[Site "La Plagne"]
[Date "2023.07.10"]
[Round "4"]
[White "Karacsonyi, Gellert"]
[Black "David, Alberto"]
[Result "1/2-1/2"]
[WhiteElo "2386"]
[BlackElo "2540"]
[PlyCount "64"]
[EventDate "2023.07.08"]
[EventType "swiss"]
[EventRounds "9"]
[EventCountry "FRA"]
[SourceTitle "CBM 215 Extra"]
[Source "ChessBase"]
[SourceDate "2023.09.30"]
[SourceVersion "1"]
[SourceVersionDate "2023.09.30"]
[SourceQuality "1"]

1. d4 Nf6 2. Nf3 e6 3. Bf4 b6 4. e3 Bb7 5. Nbd2 Be7 6. h3 0-0 7. c3 c5 8. a4 cxd4 9. exd4 a6 10. Bd3 d6 11. 0-0 Nbd7 12. Bh2 Re8 13. Re1 Bf8 14. Bf1 Bc6 15. c4 a5 16. Nb1 d5 17. b3 Bb4 18. Re3 Ne4 19. Nbd2 Nxd2 20. Nxd2 Nf6 21. Nf3 Rc8 22. Ne5 Bb7 23. Rc1 Ne4 24. Bd3 f6 25. Nf3 Qd7 26. Qc2 Red8 27. Rd1 g6 28. h4 Kh8 29. Rf1 Kg7 30. Qc1 Kh8 31. Qc2 Kg7 32. Qc1 Kh8 1/2-1/2

[Event "FRA-chT Top 16 GpA"]
[Site "Chartres"]
[Date "2023.06.05"]
[Round "5.3"]
[White "Maze, Sebastien"]
[Black "David, Alberto"]
[Result "1/2-1/2"]
[WhiteElo "2539"]
[BlackElo "2533"]
[PlyCount "76"]
[EventDate "2023.06.01"]
[EventType "team-tourn"]
[EventRounds "7"]
[EventCountry "FRA"]
[SourceTitle "CBM 214 Extra"]
[Source "ChessBase"]
[SourceDate "2023.07.31"]
[SourceVersion "1"]
[SourceVersionDate "2023.07.31"]
[SourceQuality "1"]
[WhiteTeam "Bischwiller"]
[BlackTeam "Chalon"]
[WhiteTeamCountry "FRA"]
[BlackTeamCountry "FRA"]

1. d4 Nf6 2. c4 e6 3. Nc3 Bb4 4. f3 0-0 5. a3 Bxc3+ 6. bxc3 Ne8 7. h4 c5 8. h5 h6 9. Nh3 cxd4 10. cxd4 b5 11. cxb5 a6 12. g4 f6 13. Qd3 Qa5+ 14. Bd2 Qxb5 15. e3 Qxd3 16. Bxd3 Nc6 17. Nf4 Nc7 18. Rb1 d5 19. Kf2 Bd7 20. Rb7 Rfc8 21. Rhb1 Nd8 22. Ba5 Nxb7 23. Rxb7 Rab8 24. Rxb8 Rxb8 25. Bxc7 Rb2+ 26. Ke1 Ra2 27. Bd6 a5 28. e4 dxe4 29. fxe4 Rb2 30. Be2 Kf7 31. Bc7 Rb3 32. Bxa5 Rxa3 33. Bb6 Re3 34. Kf2 Rxe4 35. Ng2 e5 36. Bf3 Rxg4 37. Bxg4 Bxg4 38. dxe5 Ke6 1/2-1/2

[Event "FRA-chT Top 16 GpA"]
[Site "Chartres"]
[Date "2023.06.02"]
[Round "2.1"]
[White "David, Alberto"]
[Black "Maurizzi, Marc Andria"]
[Result "1/2-1/2"]
[WhiteElo "2533"]
[BlackElo "2550"]
[PlyCount "50"]
[EventDate "2023.06.01"]
[EventType "team-tourn"]
[EventRounds "7"]
[EventCountry "FRA"]
[SourceTitle "CBM 214 Extra"]
[Source "ChessBase"]
[SourceDate "2023.07.31"]
[SourceVersion "1"]
[SourceVersionDate "2023.07.31"]
[SourceQuality "1"]
[WhiteTeam "Chalon"]
[BlackTeam "Chartres"]
[WhiteTeamCountry "FRA"]
[BlackTeamCountry "FRA"]

1. Nf3 c5 2. c4 e6 3. g3 b6 4. Bg2 Bb7 5. 0-0 Nf6 6. Nc3 Be7 7. d4 cxd4 8. Qxd4 Nc6 9. Qf4 0-0 10. Rd1 Qb8 11. b3 Rd8 12. h3 h6 13. Rb1 Qxf4 14. Bxf4 Rac8 15. Nd4 g5 16. Be3 d5 17. Nxc6 Bxc6 18. cxd5 Ba8 19. Rd3 Nxd5 20. Nxd5 Bxd5 21. Bxd5 Rxd5 22. Rxd5 exd5 23. Rd1 Rc2 24. Rd2 Rxd2 25. Bxd2 f5 1/2-1/2

[Event "ITA-chT GpB 54th"]
[Site "Bacoli"]
[Date "2023.04.26"]
[Round "3"]
[White "Damia, Angelo"]
[Black "David, Alberto"]
[Result "0-1"]
[WhiteElo "2233"]
[BlackElo "2528"]
[PlyCount "72"]
[EventDate "2023.04.25"]
[EventType "team-tourn"]
[EventRounds "7"]
[EventCountry "ITA"]
[SourceTitle "CBM 213 Extra"]
[Source "ChessBase"]
[SourceDate "2023.05.31"]
[SourceVersion "1"]
[SourceVersionDate "2023.05.31"]
[SourceQuality "1"]
[WhiteTeam "Le Due Torri Volvo"]
[BlackTeam "Partenopea"]
[WhiteTeamCountry "ITA"]
[BlackTeamCountry "ITA"]

1. e4 c5 2. Nf3 e6 3. d4 cxd4 4. Nxd4 Nc6 5. Nc3 Qc7 6. Be3 a6 7. a3 b5 8. Nxc6 Qxc6 9. Be2 Bb7 10. Qd4 Qd6 11. Qxd6 Bxd6 12. 0-0-0 Be5 13. Bd4 f6 14. g3 Nh6 15. f4 Bxd4 16. Rxd4 Bc6 17. Rhd1 Ke7 18. b4 Nf7 19. Kb2 Ra7 20. Bh5 g6 21. Bf3 Rc8 22. R4d3 Rac7 23. R1d2 Rb8 24. Ne2 Rb6 25. Nc1 Bb7 26. Nb3 Nd6 27. Na5 Bxe4 28. Rxd6 Rxd6 29. Rxd6 Rxc2+ 30. Kb3 Kxd6 31. Bxe4 Rxh2 32. Bb7 Rh3 33. Bxa6 Rxg3+ 34. Kb2 h5 35. Bxb5 h4 36. Bf1 h3 0-1